00493nam a2200145Ia 4500008004100000020001800041082001200059100002900071245005500100260001200155500002800167942000700195952013000202999001500332260604s9999 xx 000 0 und d a9781292409719 a337 KRU aKRUGMAN [PAUL R.]935557 0aINTERNATIONAL ECONOMICS 12TH ED: THEORY AND POLICY bPEARSON aInternational Economics cBK 00104070aIIMVbIIMVcREFERENCEd2026-06-04g8414.91l0o337 KRUp003997r2026-06-04 10:20:01v8414.91w2026-06-04yBKBKRU c8379d8379